Highest peaks of the Andes Quiz Stats

 Plays Quiz not verified by Sporcle

Challenge
Share
Tweet
Embed
Score 0/13 Timer 06:00
0 Plays Today
height mountain % Correct
6962 mAconcagua
100%
6893 mOjos del Salado
66.7%
6768 mHuascarán
60%
6542 mNevado Sajama
53.3%
6770 mCerro Mercedario
40%
6565 mTupungato
33.3%
6795 mMonte Pissis
26.7%
6739 mLlullaillaco
26.7%
6759 mCerro Bonete
20%
6634 mYerupajá
20%
6758 mNevado Tres Cruces
13.3%
6638 mIncahuasi
13.3%
6658 mCazadero
0%

You're not logged in!

Compare scores with friends on all Sporcle quizzes.
OR
Log In

You Might Also Like...

Show Comments

Extras

Top Quizzes Today


Score Distribution

Your Account Isn't Verified!

In order to create a playlist on Sporcle, you need to verify the email address you used during registration. Go to your Sporcle Settings to finish the process.

Report this User

Report this user for behavior that violates our Community Guidelines.

Details: